<?xml version="1.0" encoding="UTF-8"?>
<record
    xmlns:xsi="http://www.w3.org/2001/XMLSchema-instance"
    xsi:schemaLocation="http://www.loc.gov/MARC21/slim http://www.loc.gov/standards/marcxml/schema/MARC21slim.xsd"
    xmlns="http://www.loc.gov/MARC21/slim">

  <leader>01084nam a22003017a 4500</leader>
  <controlfield tag="003">OSt</controlfield>
  <controlfield tag="005">20260512102156.0</controlfield>
  <controlfield tag="008">260512b        |||||||| |||| 00| 0 aze d</controlfield>
  <datafield tag="020" ind1=" " ind2=" ">
    <subfield code="a">97899525057711</subfield>
  </datafield>
  <datafield tag="040" ind1=" " ind2=" ">
    <subfield code="a">AZ-XaKU</subfield>
    <subfield code="c">AZ-XaKU</subfield>
    <subfield code="b">aze</subfield>
  </datafield>
  <datafield tag="050" ind1="1" ind2="4">
    <subfield code="a">PN1995 .M8966 .M8695 2015</subfield>
  </datafield>
  <datafield tag="100" ind1="1" ind2=" ">
    <subfield code="e">m&#xFC;&#x259;llif.</subfield>
    <subfield code="a">M&#xFC;k&#x259;rr&#x259;m, Zaur,</subfield>
    <subfield code="c">professor,</subfield>
    <subfield code="d">1938 - 2025</subfield>
  </datafield>
  <datafield tag="240" ind1=" " ind2=" ">
    <subfield code="a">Filmin</subfield>
  </datafield>
  <datafield tag="245" ind1="1" ind2="0">
    <subfield code="a">Filmin b&#x259;dii h&#x259;lli haqq&#x131;nda d&#xFC;&#x15F;&#xFC;nc&#x259;l&#x259;r</subfield>
    <subfield code="c">/ Zaur M&#xFC;k&#x259;rr&#x259;m</subfield>
  </datafield>
  <datafield tag="264" ind1=" " ind2=" ">
    <subfield code="a">Bak&#x131;:</subfield>
    <subfield code="b">&#x15E;&#x259;rq-Q&#x259;rb N&#x259;&#x15F;riyyat evi,</subfield>
    <subfield code="c">2015</subfield>
  </datafield>
  <datafield tag="300" ind1=" " ind2=" ">
    <subfield code="a">152 s&#x259;hif&#x259;;</subfield>
    <subfield code="c">22 sm.</subfield>
  </datafield>
  <datafield tag="336" ind1=" " ind2=" ">
    <subfield code="a">text</subfield>
    <subfield code="b">txt</subfield>
    <subfield code="2">rdacontent</subfield>
  </datafield>
  <datafield tag="337" ind1=" " ind2=" ">
    <subfield code="a">unmediated</subfield>
    <subfield code="b">n</subfield>
    <subfield code="2">rdamedia</subfield>
  </datafield>
  <datafield tag="338" ind1=" " ind2=" ">
    <subfield code="a">volume </subfield>
    <subfield code="b">nc</subfield>
    <subfield code="2">rdacarrier</subfield>
  </datafield>
  <datafield tag="504" ind1=" " ind2=" ">
    <subfield code="a"> Biblioqrafiya: s&#x259;h.144-145</subfield>
  </datafield>
  <datafield tag="505" ind1="0" ind2=" ">
    <subfield code="a">1 -ci F&#x259;sil. Sacaya&#x11F;&#x131;n tac&#x131; -- 2 -ci F&#x259;sil. b&#xC7;&#x259;r&#xE7;iv&#x259;-kompozisiya -- 3 -c&#xFC; F&#x259;sil. Ayd&#x131;nlatma -- 4 -c&#xFC; F&#x259;sil. &#xC7;&#x259;kili&#x15F; &#xF6;l&#xE7;&#xFC;l&#x259;ri v&#x259; t&#x259;rzl&#x259;ri</subfield>
  </datafield>
  <datafield tag="521" ind1=" " ind2=" ">
    <subfield code="a">&#xDC;mumi oxucu k&#xFC;tl&#x259;si</subfield>
  </datafield>
  <datafield tag="600" ind1=" " ind2=" ">
    <subfield code="2">AZ-XaKU</subfield>
  </datafield>
  <datafield tag="650" ind1=" " ind2="7">
    <subfield code="2">AZ-XaKU</subfield>
    <subfield code="a">S&#x259;n&#x259;t&#x15F;&#xFC;nasl&#x131;q</subfield>
  </datafield>
  <datafield tag="655" ind1=" " ind2=" ">
    <subfield code="a">Elmi-n&#x259;z&#x259;ri v&#x259;sait</subfield>
  </datafield>
  <datafield tag="942" ind1=" " ind2=" ">
    <subfield code="c">BOOK</subfield>
  </datafield>
  <datafield tag="999" ind1=" " ind2=" ">
    <subfield code="c">418</subfield>
    <subfield code="d">418</subfield>
  </datafield>
  <datafield tag="952" ind1=" " ind2=" ">
    <subfield code="0">0</subfield>
    <subfield code="1">0</subfield>
    <subfield code="2">lcc</subfield>
    <subfield code="4">0</subfield>
    <subfield code="7">0</subfield>
    <subfield code="8">FA</subfield>
    <subfield code="a">KU</subfield>
    <subfield code="b">KUA</subfield>
    <subfield code="d">2026-05-12</subfield>
    <subfield code="l">0</subfield>
    <subfield code="o">PN1995 .M8966 .M8695 2015</subfield>
    <subfield code="p">0000001195</subfield>
    <subfield code="r">2026-05-12 10:21:01</subfield>
    <subfield code="t">1</subfield>
    <subfield code="w">2026-05-12</subfield>
    <subfield code="y">BOOK</subfield>
  </datafield>
</record>
